| 000 | 01871nas a2200277Ia 4500 | ||
|---|---|---|---|
| 001 | R052-S5567 | ||
| 003 | IT-CnALBA | ||
| 008 | 170116c99999999xx |||||||||||| ||und|| | ||
| 040 |
_aIT-CnALBA _cIT-CnALBA |
||
| 041 | _aITALIANO | ||
| 100 | _aSTEFANI GINO | ||
| 210 | _aSERVIZIO DELLA PAROLA | ||
| 222 | _aSERVIZIO DELLA PAROLA | ||
| 245 | 0 | _aSERVIZIO DELLA PAROLA. 18 MAGGIO 1970. SUSSIDIO PER LA PREDICAZIONE. | |
| 250 | _a1a ed. | ||
| 260 |
_a BRESCIA _bQUERINIANA EDIT. LIBR. VESC. _c1970 [1° Ed.:1970 - Ed.Ling.Originale: 1970] |
||
| 300 | _a84 p. | ||
| 310 | _aMENSILE | ||
| 362 | _aFascicolo: 18 / (1970) | ||
| 500 | _aCUMINETTI M. BISCONTIN G. FEDERICI A. M. MASINA E. MINGUEZ D. CONDIZIONI PRELIMINARI DELL'ANNUNCIO. IL NUOVO ORDINE MISSAE. CONCLUSIONE E CONGEDO. CELEBRAZIONE MESE DI MAGGIO. USO DEL MICROFONO. STUDI BASE PER L'OMELIA. DOMENICHE DI PASQUA. ASCENSIONE PENTECOSTE TRINITÀ SOLENNITÀ SS. CORPO DI CRISTO. GUIDA MESSA C. E P. OMELIA. PER LE DOMENICHE E FESTE DI MAGGIO. CELEBRAZIONI PAROLA. MARIA NELLA STORIA DELLA SALVEZZA. MARIA E LA CHIESA, CULTO A MARIA. MARIA SEGNO DI SICURA SPERANZA E CONSOLAZIONE. | ||
| 501 | _aSocietà San Paolo EM - Piazza San Paolo, 14 - 12051 ALBA (CN) (non commercial uses only) ® Copyright 2017 | ||
| 520 | _aCUMINETTI M. BISCONTIN G. FEDERICI A. M. MASINA E. MINGUEZ D. CONDIZIONI PRELIMINARI DELL'ANNUNCIO. IL NUOVO ORDINE MISSAE. CONCLUSIONE E CONGEDO. CELEBRAZIONE MESE DI MAGGIO. USO DEL MICROFONO. STUDI BASE PER L'OMELIA. DOMENICHE DI PASQUA. ASCENSIONE PENTECOSTE TRINITÀ SOLENNITÀ SS. CORPO DI CRISTO. GUIDA MESSA C. E P. OMELIA. PER LE DOMENICHE E FESTE DI MAGGIO. CELEBRAZIONI PAROLA. MARIA NELLA STORIA DELLA SALVEZZA. MARIA E LA CHIESA, CULTO A MARIA. MARIA SEGNO DI SICURA SPERANZA E CONSOLAZIONE. | ||
| 650 | _aPREDICAZIONE - ORATORIA SACRA | ||
| 942 | _cCR | ||
| 957 | _71 | ||
| 999 |
_a67674 _bNO _g1 _c333739 _d333739 |
||